Word Ladder: Lady Macbeth's Barter Quiz Stats

Quiz Updated Jun 13, 2015

Challenge
Share
Tweet
Embed
Score 0/19 Timer 01:30
0 Plays Today
Clue Word % Correct
🔪 Liquid for cereal 🔪♛ MILK ♜
96%
Soft, elegant fabricSILK
94.3%
🔪 ____ it or leave it 🔪♛ TAKE ♜
94%
To produce, form, createMAKE
93.8%
Pepper's partnerSALT
93.7%
5280 feetMILE
93.2%
Having XY chromosomesMALE
93.2%
Price to ride a busFARE
91.3%
Adult, female horseMARE
91%
Sediment found in a riverSILT
90.5%
Clue Word % Correct
🔪 Silent, face-painted entertainer 🔪 ♛ MIME ♜
89.7%
Word found on some scotch bottlesMALT
88.2%
🔪 A golfer's shout 🔪♛ FORE ♜
87.6%
Reduced price eventSALE
87.4%
AchingSORE
85.1%
Aunt of novel, musical and filmMAME
83.5%
Lone, onlySOLE
82.6%
Strong windGALE
82.3%
🔪 Type of bile-storing bladder 🔪♛ GALL ♜
76.3%

Today's Daily Dose

Missing Word
Fruity Song Titles

Quick Pick
Double Blanks

On This Day
June 22nd II

You're not logged in!

Compare scores with friends on all Sporcle quizzes.
Join for Free
OR
Log In

You Might Also Like...

Show Comments

Extras

Top Quizzes Today


Score Distribution

Your Account Isn't Verified!

In order to create a playlist on Sporcle, you need to verify the email address you used during registration. Go to your Sporcle Settings to finish the process.

Report this User

Report this user for behavior that violates our Community Guidelines.

Details: